El caudillo en su lucha/

Esta construcción biográfica del ramonense de origen catalán y expresidente de la republica de Costa Rica José Figueres Ferrer se ha construido en base a relatos de personas cercanas como con la interacción con este personaje, por medio de entrevistas y relatos que detallan diversas etapas de su vid...

Fuld beskrivelse

Guardado en:
Bibliografiske detaljer
Hovedforfatter: Salguero, Miguel, 1933-2018
Format: Bog
Sprog:Spanish
Udgivet: San José, Costa Rica EUNED 2006
Udgivelse:2° edición
Fag:
Tags: Tilføj Tag
Ingen Tags, Vær først til at tagge denne postø!

MARC

LEADER 00000nam a22000007a 4500
003 cru CIDCACS/IIS
005 20210707112225.0
006 a|||||r|||| 00| 0
007 ta
008 161006b2006 cr ||||| |||| 00| 0 spa d
020 |a 9968314692 
040 |c CRAI/IIS  |a CRAI/IIS 
090 |a 05.05.03 S164c 
100 1 |a Salguero, Miguel,  |d 1933-2018  |g seudónimo  |9 101 
245 1 |a El caudillo en su lucha/  |c Miguel Salguero 
250 |a 2° edición 
260 |a San José, Costa Rica  |b EUNED  |c 2006 
300 |a 148 páginas 
520 3 |a Esta construcción biográfica del ramonense de origen catalán y expresidente de la republica de Costa Rica José Figueres Ferrer se ha construido en base a relatos de personas cercanas como con la interacción con este personaje, por medio de entrevistas y relatos que detallan diversas etapas de su vida, incluyendo sus orígenes como su niñez pasando por su juventud, describiendo sus viajes como aprendizajes, la intelectualidad que le caracterizaba como el inicio de su interés en la política nacional hasta llegar a convertirse en un político reconocido. Así el texto es una redacción biográfica que busca caracterizar a José Figueres Ferrer desde su finca, La Lucha al sur de la provincia de San José cercana a Cristo Rey de Desamparados, en la cual se desarrollan y expresan de forma explícita algunas interacciones vividas al realizarse los encuentros, por lo que el texto contiene no solamente las entrevistas y relatos con el ex mandatario, sino que incluye de forma detallada las reuniones que se llevaron a cabo en el proceso de realización de las mismas por lo que se obtiene también testimonio de allegados y personas cercanas de la vida cotidiana de él. (FGO/070721) 
650 0 0 |2 OCDE  |9 3636  |a POLITICOS 
650 0 4 |9 1918  |a PODER POLITICO 
650 0 0 |9 4911  |a GOBIERNO 
650 0 0 |9 3691  |a POLITICA 
650 0 0 |9 83  |a DEMOCRACIA 
650 0 0 |9 70  |a FUERZAS ARMADAS 
650 0 0 |9 585  |a CABILDEO  
942 |2 ddc  |c LI 
999 |c 18574  |d 18574